| 000 | 00403nam a2200157Ia 4500 | ||
|---|---|---|---|
| 008 | 230711s9999||||xx |||||||||||||| ||und|| | ||
| 041 | _aENG | ||
| 082 |
_a624 _bDA-E |
||
| 100 | _aDagostino,Frank R | ||
| 245 | 0 | _aEstimating in building construction | |
| 250 | _a3rd | ||
| 260 |
_c1989 _aNew Delhi _bPrentice-Hall of India Private Limited |
||
| 300 | _a413 | ||
| 650 | _aCivil Engineering | ||
| 942 | _cBK | ||
| 999 |
_c1735 _d1735 |
||